| 000 | 01624cab a22002655a 4500 | ||
|---|---|---|---|
| 001 | L142001 | ||
| 008 | 080118e2008 xxk f 000 0 eng d | ||
| 035 | _a(Sirsi) u142001 | ||
| 041 | 0 | _aeng | |
| 110 | 2 |
_aLetting Update Journal _95294 |
|
| 245 | 0 | 0 |
_aEnergy Performance Certificates _bafter HIPs, the rental market is next |
| 260 | _c2008 | ||
| 490 |
_aLetting Update Journal _v15(4) January 2008, 18-19(2) |
||
| 520 | _aReports that Energy Performance Certificates (EPCs) are to be required for rented properties from January 2009. Warns that landlords and agents need to be aware of the regulations and of the increased pressure to make their properties more energy efficient. Legislation stipulates a £200 fine for lack of compliance. Ratings should allow tenants to make more informed rental choices. Covers practical issues surrounding the energy inspection, the route to becoming a Domestic Energy Assessor and insurance. Draws attention to some areas of the legislation which are at present uncertain or undefined. | ||
| 590 | _aKA | ||
| 650 | 2 | 4 | _aHOME INFORMATION PACKS |
| 650 | 2 | 4 | _aRESIDENTIAL ENERGY PERFORMANCE CERTIFICATES |
| 650 | 2 | 4 | _aHOUSING ACT 2004 PART V |
| 650 | 2 | 4 | _aENERGY PERFORMANCE OF BUILDINGS (CERTIFICATES AND INSPECTIONS) (ENGLAND AND WALES) REGULATIONS 2007 |
| 650 | 2 | 4 | _aEUROPEAN ENERGY PERFORMANCE OF BUILDINGS DIRECTIVE 2002/91/EC |
| 651 | 4 |
_aUnited Kingdom _y |
|
| 690 | _aENVIRONMENTAL AND LAND CONSULTANCY-ENERGY-ENERGY USE-ENERGY EFFICIENCY | ||
| 690 | _aPROPERTY-RESIDENTIAL PROPERTY-ACQUISITION AND DISPOSAL OF RESIDENTIAL PROPERTY-HOME BUYING REFORM | ||
| 942 | _n0 | ||
| 999 |
_c79697 _d79697 |
||